[Event "GER-chT U12"]
[Site "Magdeburg"]
[Date "2023.12.28"]
[Round "3.9"]
[White "Ensslen, Jakob"]
[Black "Shevchenko, Igor1"]
[Result "0-1"]
[WhiteElo "1624"]
[BlackElo "1552"]
[PlyCount "138"]
[EventDate "2023.12.26"]
[EventType "team-swiss"]
[EventRounds "7"]
[EventCountry "GER"]
[SourceTitle "CB03_2024"]
[SourceDate "2024.01.17"]
[SourceVersion "1"]
[SourceVersionDate "2024.01.17"]
[SourceQuality "1"]
[WhiteTeam "Karlsruhe SF"]
[BlackTeam "Magdeburg Schachzwerge"]
[WhiteTeamCountry "GER"]
[BlackTeamCountry "GER"]

1. e4 c6 2. d4 d5 3. Nc3 dxe4 4. Nxe4 Nf6 5. Ng3 g6 6. Be2 Bg7 7. Nf3 Nbd7 8. c3 Qc7 9. 0-0 0-0 10. Re1 Re8 11. Bc4 Nd5 12. Bg5 e6 13. h4 h6 14. Bd2 b5 15. Bxd5 cxd5 16. h5 g5 17. Qc1 f6 18. Nf5 Bb7 19. Nxg7 Kxg7 20. Qc2 Nf8 21. Re2 Qf7 22. g4 Rac8 23. Rae1 a5 24. Re3 Qd7 25. Qd3 Ba6 26. b4 axb4 27. cxb4 Rc4 28. Rc1 Rec8 29. Qa3 R8c6 30. Rxc4 dxc4 31. Bc3 Bb7 32. Qb2 Rd6 33. Kf1 Qd8 34. Nd2 Nd7 35. Ne4 Bxe4 36. Rxe4 Nb6 37. Qe2 Na4 38. Ba1 Qc8 39. d5 c3 40. Rxe6 Rxe6 41. dxe6 c2 42. Bxf6+ Kg8 43. e7 c1Q+ 44. Kg2 Q1c6+ 45. f3 Qxg4+ 46. Kf2 Qh4+ 47. Kg2 Qxh5 48. a3 g4 49. Qa2+ Qf7 50. Qd2 Qxf3+ 51. Kg1 Q3xf6 52. Qd8+ Kg7 53. e8N+ Qxe8 54. Qxe8 Qa1+ 55. Kg2 Qb2+ 56. Kg1 Qc1+ 57. Kg2 Qd2+ 58. Kg1 Qd1+ 59. Kg2 Qf3+ 60. Kg1 Nc3 61. Qd7+ Kf6 62. Qd8+ Ke5 63. Qe7+ Kd4 64. Qg7+ Kc4 65. Qg8+ Kd3 66. Qh7+ Kd2 67. Qd7+ Kc1 68. Qd6 Ne2+ 69. Kh2 Qh3# 0-1

[Event "GER-ch U25-C"]
[Site "Willingen"]
[Date "2023.06.01"]
[Round "7"]
[White "Ensslen, Jakob"]
[Black "Klockhaus, Daniel"]
[Result "1-0"]
[WhiteElo "1298"]
[BlackElo "1440"]
[PlyCount "81"]
[EventDate "2023.05.27"]
[EventType "swiss"]
[EventRounds "9"]
[EventCountry "GER"]
[SourceTitle "CBM 214 Extra"]
[Source "ChessBase"]
[SourceDate "2023.07.31"]
[SourceVersion "1"]
[SourceVersionDate "2023.07.31"]
[SourceQuality "1"]

1. e4 c6 2. d4 d5 3. Nc3 dxe4 4. Nxe4 Bf5 5. Ng3 Bg6 6. N1e2 h6 7. Nf4 Bh7 8. Bc4 Nf6 9. 0-0 e6 10. Re1 Be7 11. Qe2 Nd5 12. Nxd5 cxd5 13. Bb5+ Nc6 14. Qg4 Bg6 15. Rxe6 fxe6 16. Qxg6+ Kf8 17. Bxc6 bxc6 18. Bf4 Bf6 19. Re1 Qe7 20. Nh5 Re8 21. Bd6 Qxd6 22. Nxf6 Rb8 23. Nh7+ Rxh7 24. Qxh7 Rxb2 25. g3 Rxa2 26. Re3 Ra3 27. c3 Qe7 28. Rf3+ Ke8 29. Qg8+ Kd7 30. Rf7 Rxc3 31. Rxe7+ Kxe7 32. Qxg7+ Kd6 33. Qxa7 Rb3 34. Qc5+ Kd7 35. h4 Rb5 36. Qa7+ Kd6 37. g4 e5 38. g5 exd4 39. Qxd4 hxg5 40. hxg5 Rb8 41. Qf4+ 1-0

[Event "GER-ch U25-C"]
[Site "Willingen"]
[Date "2023.05.31"]
[Round "5"]
[White "Ensslen, Jakob"]
[Black "Claussen, Daniela"]
[Result "1-0"]
[WhiteElo "1298"]
[BlackElo "1043"]
[PlyCount "62"]
[EventDate "2023.05.27"]
[EventType "swiss"]
[EventRounds "9"]
[EventCountry "GER"]
[SourceTitle "CBM 214 Extra"]
[Source "ChessBase"]
[SourceDate "2023.07.31"]
[SourceVersion "1"]
[SourceVersionDate "2023.07.31"]
[SourceQuality "1"]

1. e4 e6 2. d4 b6 3. Bd3 Bb7 4. Nf3 Nf6 5. e5 Ne4 6. Nbd2 Nxd2 7. Bxd2 d6 8. 0-0 Nd7 9. Re1 Be7 10. exd6 Bxd6 11. c4 0-0 12. Ng5 Nf6 13. f3 h6 14. Ne4 Be7 15. Bc3 Re8 16. b4 a6 17. Qc2 g6 18. Qb2 Kg7 19. Re3 Qc8 20. d5 Qd8 21. dxe6 fxe6 22. Rae1 Kf7 23. Qc2 c5 24. Nxf6 Bxf6 25. Bxg6+ Kf8 26. Bxf6 Qxf6 27. Bxe8 Rxe8 28. bxc5 bxc5 29. Qe2 Kf7 30. Re5 Qe7 31. Qe3 Qf6 1-0

[Event "GER-ch U25-C"]
[Site "Willingen"]
[Date "2023.05.28"]
[Round "1"]
[White "Ensslen, Jakob"]
[Black "Grunert, Greta"]
[Result "1-0"]
[WhiteElo "1298"]
[BlackElo "1100"]
[PlyCount "57"]
[EventDate "2023.05.27"]
[EventType "swiss"]
[EventRounds "9"]
[EventCountry "GER"]
[SourceTitle "CBM 214 Extra"]
[Source "ChessBase"]
[SourceDate "2023.07.31"]
[SourceVersion "1"]
[SourceVersionDate "2023.07.31"]
[SourceQuality "1"]

1. e4 c6 2. d4 d5 3. Nc3 dxe4 4. Nxe4 Bf5 5. Ng3 Bg6 6. Nf3 e6 7. Bd3 Bd6 8. b3 Nf6 9. Bb2 0-0 10. Qd2 Qc7 11. Ne2 Nbd7 12. 0-0-0 Bh5 13. Kb1 Bxf3 14. gxf3 Bxh2 15. Bxh7+ Nxh7 16. f4 Bxf4 17. Nxf4 Ndf6 18. Rdg1 Rfd8 19. Nh5 Ne8 20. Nxg7 Nxg7 21. Qh6 f5 22. Qxh7+ Kf8 23. Qh8+ Ke7 24. Qxg7+ Kd6 25. Ba3+ c5 26. Qe5+ Kc6 27. Qxc5+ Kd7 28. Rh7+ Ke8 29. Rg8# 1-0

[Event "GER Pfingstopen U12"]
[Site "Playchess.com INT"]
[Date "2020.06.02"]
[Round "5"]
[White "Ensslen, Jakob"]
[Black "Robelly, David"]
[Result "0-1"]
[WhiteElo "1620"]
[BlackElo "1204"]
[PlyCount "146"]
[EventDate "2020.06.02"]
[EventType "swiss (blitz)"]
[EventRounds "11"]
[EventCountry "GER"]
[SourceTitle "CBM 197 Extra"]
[Source "ChessBase"]
[SourceDate "2020.09.30"]
[SourceVersion "1"]
[SourceVersionDate "2020.09.30"]
[SourceQuality "1"]

1. e4 d6 2. Nf3 Nf6 3. Nc3 e5 4. Bc4 Be7 5. Ng5 0-0 6. Nd5 Nxd5 7. Bxd5 Bxg5 8. Qh5 Qf6 9. 0-0 c6 10. Bc4 Be6 11. Bxe6 fxe6 12. d3 Bxc1 13. Raxc1 d5 14. exd5 exd5 15. d4 exd4 16. c3 dxc3 17. Rxc3 Nd7 18. Re3 Rae8 19. Rf3 Qg6 20. Qxg6 hxg6 21. Rxf8+ Rxf8 22. Re1 Kf7 23. f3 Re8 24. Rxe8 Kxe8 25. Kf2 Ke7 26. Ke3 Ke6 27. Kd4 c5+ 28. Kd3 Ke5 29. g3 d4 30. f4+ Kd5 31. g4 c4+ 32. Kc2 d3+ 33. Kd2 Ke4 34. b3 cxb3 35. axb3 Kxf4 36. Kxd3 Kxg4 37. Kd4 Kh3 38. Kd5 Nb6+ 39. Ke6 g5 40. Kf7 g4 41. Kxg7 Kh4 42. Kf6 Kh3 43. Kf5 Kxh2 44. Kxg4 Kg2 45. Kf4 Kf2 46. Ke4 Ke2 47. Kd4 Kd2 48. Kc5 Kc3 49. b4 Nd5 50. Kxd5 Kxb4 51. Kd6 a5 52. Kc7 a4 53. Kxb7 a3 54. Ka6 a2 55. Kb6 a1Q 56. Kc6 Qc1+ 57. Kd6 Qe1 58. Kd5 Qe3 59. Kd6 Qe4 60. Kd7 Qe5 61. Kc6 Qd4 62. Kc7 Kc3 63. Kc6 Kd3 64. Kb5 Ke4 65. Kc6 Ke5 66. Kb5 Qc3 67. Kb6 Qc4 68. Kb7 Qc5 69. Ka6 Qb4 70. Ka7 Qb5 71. Ka8 Kd6 72. Ka7 Kc6 73. Ka8 Qb7# 0-1

[Event "GER Pfingstopen U12"]
[Site "Playchess.com INT"]
[Date "2020.06.02"]
[Round "3"]
[White "Grozea, Nicolae Theodor"]
[Black "Ensslen, Jakob"]
[Result "1-0"]
[WhiteElo "1456"]
[BlackElo "1620"]
[PlyCount "25"]
[EventDate "2020.06.02"]
[EventType "swiss (blitz)"]
[EventRounds "11"]
[EventCountry "GER"]
[SourceTitle "CBM 197 Extra"]
[Source "ChessBase"]
[SourceDate "2020.09.30"]
[SourceVersion "1"]
[SourceVersionDate "2020.09.30"]
[SourceQuality "1"]

1. e4 e5 2. Nf3 Nc6 3. Nc3 Nf6 4. Bb5 Bc5 5. Bxc6 dxc6 6. Nxe5 Bg4 7. Nxg4 Nxg4 8. Qxg4 Qf6 9. 0-0 0-0 10. d3 Bd6 11. Re1 Qh6 12. Bxh6 Rae8 13. Qxg7# 1-0